000 00680nam a2200193Ia 4500
005 20251020182531.0
008 200515s9999 xx 000 0 und d
082 _a7.030/P23
100 _aPANOFSKY, Erwin
245 0 _aEl significado en las artes visuales
260 _aMadrid
260 _c1993
500 _a1 ejemplar
520 _aDe la teoría de las proporciones a la visión histórica de Vasari, de Ticiano a Poussin, Panofsky restaura los nexos que unen la obra de arte a su entorno, sustituyendo la historia del arte como compartimento estanco por una síntesis viva y fecunda en la q
650 _aARTE
650 _aHISTORIA
650 _aLIB
942 _cLIB
999 _c2087
_d2087